| 000 | 006670000a22002050004500 | ||
|---|---|---|---|
| 003 | LK-CoMWRAF | ||
| 005 | 20231201110050.0 | ||
| 008 | 230817t1990 ||||| |||| 00| 0 eng d | ||
| 020 | _a9559302078 | ||
| 040 |
_aLK-CoMWRAF _dLK-CoMWRAF _eLK-CoMWRAF |
||
| 041 | _asin | ||
| 082 |
_a891.483 _bHEN |
||
| 100 | _aහේනායකආරච්චි, රංජිත් | ||
| 245 | _aඅවිචාර සමයේ කැරලිකරුවෙක් | ||
| 246 | _aAwichara samayee karalikaruwek | ||
| 260 |
_aකොළඹ : _bදැයැස ප්රකාශන, _c1999 |
||
| 300 | _aපි.139 | ||
| 650 | _aසිංහල නවකතා | ||
| 942 | _cBK | ||
| 999 |
_c3145 _d3145 |
||